Polynomial expansions of analytic functions /
Guardado en:
| Autor Principal: | |
|---|---|
| Otros Autores: | |
| Formato: | Libro |
| Idioma: | English |
| Publicado: |
Berlin :
Springer,
1958.
|
| Series: | Ergebnisse der Mathematik und ihrer Grenzgebiete, n.F. ; Reihe: Moderne Funktionentheorie
Heft 19. |
| Etiquetas: |
Agregar Etiqueta
Sin Etiquetas, Sea el primero en etiquetar este registro!
|
| LEADER | 00677nam a22001815a 4500 | ||
|---|---|---|---|
| 001 | MAT.inmabb001549 | ||
| 008 | 031124s1958####gw############000#0#eng#d | ||
| 005 | 20160322175546.0 | ||
| 245 | 1 | 0 | |a Polynomial expansions of analytic functions / |c by Ralph P. Boas and R. Creighton Buck. |
| 260 | |a Berlin : |b Springer, |c 1958. | ||
| 300 | |a viii, 77 p. ; |c 24 cm. | ||
| 440 | 0 | |a Ergebnisse der Mathematik und ihrer Grenzgebiete, n.F. ; |v Heft 19. |p Reihe: Moderne Funktionentheorie | |
| 510 | 4 | |a MR, |c 20 #984 | |
| 100 | 1 | |a Boas, Ralph Philip. | |
| 700 | 1 | |a Buck, R. Creighton |q (Robert Creighton), |d 1920- | |
| 084 | |a 30Bxx |2 msc2000 | ||
| 010 | |a 58003211 | ||
| 859 | |h 30 |i B662p |p A-1921 |b BIB. MATEMATICA | ||
